| 000 | 00568nam a2200169 a 4500 | ||
|---|---|---|---|
| 008 | 120416s1965 ||||||||||||||||| || u | ||
| 050 | _aHC 885 Bur | ||
| 100 | _aBurke, Fred G | ||
| 245 | 1 | 0 | _aTanganyika |
| 246 | _apre planning | ||
| 260 |
_aSryracuse, N.Y _bSyracuse University _c1965 |
||
| 300 | _axxix : 108p | ||
| 350 | _a0.00 | ||
| 650 | 0 | _aECONOMICS | |
| 650 | _aECONOMIC DEVELOPMENT PLAN--TANGANYIKA | ||
| 995 |
_D0.00 _FCBU-MAIN LIBRARY (Kitwe) _H1 _I0.00 _M1 _UAVAILABLE _ZAnnex Low-Usage Collection |
||
| 999 |
_c59367 _d59367 |
||